000 00923nam a2200205 i 4500
001 152076
003 ES-MaACL
005 20230906204525.0
008 950614s1855 fr |||| | lat d
040 _aCLM
_bspa
_cCCPB | SIC
080 _a22(8)
130 0 _aBiblia.
_pA.T.
_lGriego-Latín.
_9163096
245 1 2 _aVetus Testamentum graecum juxta septuaginta interpretes
_b: ex auctoritate Sixti Quinti Pontificis maximi editum juxta exemplar originale Vaticanum = E palaia diatheque kata toys ebdomekonta /
_ccum latina translatione animadversionibus et complementis ex aliis manuscriptis cura et studio J. N. Jager.
260 _aParisiis :
_bEditore Ambrosio Firmin Didot Instituti Franciae typographo,
_c1855.
300 _a2 v. ;
_c26 cm.
597 _aTexto paralelo en latin y griego.
597 _aTexto a dos col.
700 0 _aJager, Jean Nicolas.
_965918
852 _aES-MaACL
_jB-2455-56
_z-- Enc. hol.
999 _c152076
_d152076